Players of National Teams - Türkiye - Statistics

General Stats
  • This quiz has been taken 26 times
  • The average score is 25 of 33
Answer Stats
Pos. Team Player % Correct
DM Inter Milan Hakan Çalhanoğlu
100%
CB Galatasaray Abdülkerim Bardakçı
96%
GK Manchester United Altay Bayındır
96%
AM Real Madrid Arda Güler
96%
LW Juventus FC Kenan Yıldız
96%
CB Al-Ahli Merih Demiral
96%
LW Galatasaray Barış Alper Yılmaz
92%
LB Galatasaray Eren Elmalı
92%
LB Brighton & Hove Albion Ferdi Kadıoğlu
92%
LW Fenerbahçe Kerem Aktürkoğlu
92%
GK Galatasaray Uğurcan Çakır
92%
GK Fenerbahçe Mert Günok
88%
RB Fenerbahçe Mert Müldür
88%
DM Borussia Dortmund Salih Özcan
88%
RW Galatasaray Yunus Akgün
88%
DM Fenerbahçe İsmail Yüksek
84%
CM Beşiktaş Orkun Kökçü
84%
RB AS Roma Zeki Çelik
84%
CB Fenerbahçe Çağlar Söyüncü
80%
AM Eintracht Frankfurt Can Uzun
76%
RW Kasımpaşa İrfan Can Kahveci
76%
CB Al-Hilal Yusuf Akçiçek
76%
FW FC Porto Deniz Gül
72%
CB Beşiktaş Emirhan Topçu
72%
LW Fenerbahçe Oğuz Aydın
68%
CB Çaykur Rizespor Samet Akaydın
64%
DM Galatasaray Kaan Ayhan
56%
DM VfB Stuttgart Atakan Karazor
52%
GK Başakşehir FK Muhammed Şengezer
52%
LW Galatasaray Ahmed Kutucu
48%
LB Trabzonspor Mustafa Eskihellaç
44%
CM Pisa SC Isak Vural
32%
RW Başakşehir FK Yusuf Sarı
32%
No matching quizzes found
Score Distribution
Percent of People with Each Score
Percentile by Number Answered
Your Score History
You have not taken this quiz